| 000 | 004380000a22001810004500 | ||
|---|---|---|---|
| 003 | LK-CoMWRAF | ||
| 008 | 230817t ||||| |||| 00| 0 eng d | ||
| 040 |
_aLK-CoMWRAF _dLK-CoMWRAF _eLK-CoMWRAF |
||
| 041 | _aeng | ||
| 082 |
_a150 _bBUH |
||
| 100 | _aBuhail, Maris | ||
| 245 |
_aVinjaana Oliyil Bibilum Quraanum _b |
||
| 250 | _a5th.ed | ||
| 260 |
_aChennai _bBasharath Publishers |
||
| 300 | _ap.240 | ||
| 650 | _aIslam | ||
| 942 | _cBK | ||
| 999 |
_c2705 _d2705 |
||